Movie Opening Lines (2000s) Quiz Stats

 Plays Quiz Updated Dec 13, 2011

Challenge
Share
Tweet
Embed
Score 0/13 Timer 06:00
1 Play Today
Opening Line Movie % Correct
Too much garbage in your face? There's plenty of space out in space!Wall-E
69.7%
Remember, remember, the Fifth of November, the Gunpowder Treason and Plot. I know of no reason why the Gunpowder Treason should ever be forgot...V for Vendetta
64.5%
I was Sheriff of this county when I was 25 years old. Hard to believe.No Country for Old Men
45.7%
Movietown News presents, 'Spotlight on Adventure.' What you are now witnessing is footage never before seen by civilized humanity: a lost world in South America.Up
40.1%
The world is changed. I feel it in the water. I feel it in the earth. I smell it in the air.Lord of the Rings:Fellowship of the Ring
30.7%
When I was lying in the V.A. hospital with a big hole blown through the middle of my life, I started having these dreams of flying. I was free.Avatar
27.8%
Say, any of you boys smithies? Or, if not smithies per se, were you otherwise trained in the metallurgic arts before straitened circumstances forced you into a life of aimless wandO Brother, Where Art Thou?
20.6%
I don't want to be a product of my environment. I want my environment to be a product of me.The Departed
20.4%
I'd never given much thought to how I would die. But dying in the place of someone I love seems like a good way to go.Twilight
16.5%
Who am I? You sure you want to know? The story of my life is not for the faint of heart. If somebody said it was a happy little tale... Spider-Man
16.2%
Do you find me sadistic? You know, I bet I could fry an egg on your head right now, if I wanted to.Kill Bill
9.8%
She shivers in the wind like the last leaf on a dying tree. I let her hear my footsteps. She only goes stiff for a moment.Sin City
9.3%
Random thoughts for Valentine's day, 2004. Today is a holiday invented by greeting card companies to make people feel like crap.Eternal Sunshine of the Spotless Mind
6.1%

You're not logged in!

Compare scores with friends on all Sporcle quizzes.
OR
Log In

You Might Also Like...

Show Comments

Extras

Top Quizzes Today


Score Distribution

Your Account Isn't Verified!

In order to create a playlist on Sporcle, you need to verify the email address you used during registration. Go to your Sporcle Settings to finish the process.

Report this User

Report this user for behavior that violates our Community Guidelines.

Details: